[Event "Windsor NAYCC U12"]
[Site "Windsor"]
[Date "2016.08.08"]
[Round "2.112"]
[White "Kobla, Akshay"]
[Black "Kapoor, Arjun"]
[Result "1-0"]
[WhiteElo "1382"]
[BlackElo "590"]
[PlyCount "65"]
[EventDate "2016.08.07"]
[EventType "swiss"]
[EventRounds "9"]
[EventCountry "CAN"]
[SourceTitle "EXT 2022"]
[Source "ChessBase"]
[SourceDate "2021.10.06"]
[SourceVersion "1"]
[SourceVersionDate "2021.10.06"]
[SourceQuality "1"]

1. e4 e5 2. Nf3 d6 3. d4 Nc6 4. Bb5 a6 5. Ba4 b5 6. Bb3 g6 7. c3 Bg7 8. 0-0 b4 9. Bd5 Nge7 10. Bxc6+ Nxc6 11. d5 Ne7 12. Qa4+ Bd7 13. Qxb4 Rb8 14. Qa3 Qc8 15. c4 0-0 16. Qd3 c6 17. Nc3 cxd5 18. cxd5 f5 19. Bg5 fxe4 20. Nxe4 Bb5 21. Qa3 Bxf1 22. Bxe7 Rf4 23. Bxd6 Rb7 24. Nc5 Rbf7 25. Rxf1 R7f6 26. Bxe5 Rc4 27. Bxf6 Bxf6 28. Ne6 Rc1 29. b3 Rxf1+ 30. Kxf1 Be7 31. Qxe7 Qc1+ 32. Ne1 Qc8 33. Qg7# 1-0